Spotify: Die Top 20 meistgestreamten Künstler - Statistiken

Allgemein
  • Dieses Quiz wurde 106 mal gespielt
  • Das Durchschnittsergebnis liegt bei 8 aus 20
Antwortstatistiken
# Künstler/-in % Korrekt
1 Taylor Swift
88%
3 Drake
77%
4 The Weeknd
63%
7 Justin Bieber
57%
16 Rihanna
54%
6 Ed Sheeran
48%
9 Eminem
48%
2 Bad Bunny
43%
14 Bruno Mars
39%
8 Billie Eilish
37%
10 Kanye West
36%
5 Ariana Grande
35%
18 Kendrick Lamar
29%
11 Travis Scott
29%
12 BTS
26%
17 Coldplay
21%
13 Post Malone
17%
19 Future
11%
20 Juice WRLD
7%
15 J Balvin
4%
Keine übereinstimmenden Quizze gefunden
Verteilung der Resultate
Anzahl Personen mit jedem Resultat
Perzentil nach korrekt beantworteten Fragen
Ihre Resultats-Entwicklung
Sie haben dieses Quiz noch nicht gespielt